TECHNICAL WRITING , METHODS APPLICATION AND MANAGEMENT (Record no. 573643)
[ view plain ]
| 000 -LEADER | |
|---|---|
| fixed length control field | 00315nam a22001217a 4500 |
| 020 ## - INTERNATIONAL STANDARD BOOK NUMBER | |
| International Standard Book Number | 0-8273-2685-8 |
| 082 ## - DEWEY DECIMAL CLASSIFICATION NUMBER | |
| Classification number | 808.066 PHI'T |
| 100 ## - MAIN ENTRY--PERSONAL NAME | |
| Personal name | PHILBIN, A. I , PRESLEY, J. W |
| 9 (RLIN) | 65431 |
| 245 ## - TITLE STATEMENT | |
| Title | TECHNICAL WRITING , METHODS APPLICATION AND MANAGEMENT |
| 260 ## - PUBLICATION, DISTRIBUTION, ETC. | |
| Place of publication, distribution, etc. | USA |
| Name of publisher, distributor, etc. | DELMER |
| Date of publication, distribution, etc. | 1989 |
| 300 ## - PHYSICAL DESCRIPTION | |
| Extent | 547P |
| 942 ## - ADDED ENTRY ELEMENTS (KOHA) | |
| Koha item type | Book |
| Withdrawn status | Lost status | Source of classification or shelving scheme | Damaged status | Not for loan | Permanent Location | Current Location | Shelving location | Date acquired | Shelving control number | Full call number | Barcode | Date last seen | Price effective from | Koha item type | Public note |
|---|---|---|---|---|---|---|---|---|---|---|---|---|---|---|---|
| College of Electrical & Mechanical Engineering (CEME) | College of Electrical & Mechanical Engineering (CEME) | Fiction | 07/27/2017 | English Literature | 808.066 PHI'T | CEME-25894 | 06/28/2021 | 06/28/2021 | Book | CART-4 |
